| 000 | 01212nam a22003737a 4500 | ||
|---|---|---|---|
| 003 | CHAP | ||
| 005 | 20220329143531.0 | ||
| 008 | 100416s1996 us a r 00010 eng d | ||
| 010 | _a98155 | ||
| 011 | _a99127 | ||
| 020 | _a0412043718 | ||
| 035 | _a109812 | ||
| 040 | _cCHAP | ||
| 082 | 0 | 4 |
_a519.52 _bF38 |
| 100 | 0 | 0 |
_aFerguson, Thomas S. _940078 |
| 245 | 1 | 2 |
_aA course in large sample theory _c/by Thomas S. Ferguson |
| 260 |
_aNew York, NY : _bChapman & Hall, _c1996 |
||
| 300 |
_aix, 245 p. : _bilus. |
||
| 490 | 0 | _aTexts in Statistical Science | |
| 590 |
_aBATCH-UPD _b10 _c20130110 _lUCH01 _h1118 |
||
| 590 |
_aBATCH-UPD _b10 _c20130410 _lUCH01 _h0708 |
||
| 590 |
_aBATCH-UPD _b10 _c20130914 _lUCH01 _h1206 |
||
| 590 |
_aCONVERSION _b10 _c20130109 _lUCH01 _h1354 |
||
| 650 | 1 | 4 |
_aDistribuciones (Probabilidades) _932748 |
| 650 | 1 | 4 |
_aMuestreo estadístico. _979288 |
| 650 | 1 | 4 |
_aNúmeros, teoría de los. _981911 |
| 650 | 1 | 4 |
_aProbabilidad. _991685 |
| 650 | 1 | 4 |
_aVariables al azar. _9118138 |
| 830 | 0 |
_aTexts in Statistical Science _9112588 |
|
| 901 | _aBK | ||
| 911 | _aen proceso | ||
| 942 | _cLIBRO | ||
| 949 |
_a519.52 F38 _bBC _cLIBRO _d33724002169058 _eLIBRO _gI.249794 _h112302 _i109812 _sb _t$1,316.90 |
||
| 999 |
_c98155 _d98155 |
||